Score 0/25 Timer 10:00
0 Plays Today
M/µSAs Name % Correct
State based MSALouisville/Jefferson County, KY-IN
100%
State based MSALexington-Fayette
99.1%
State based MSABowling Green
97.4%
MSA based in neighboring stateCincinnati, OH-KY-IN
96.6%
State based MSAOwensboro
93.1%
MSA based in neighboring stateEvansville, IN-KY
83.6%
State based µSAFrankfort
81.9%
State based µSAPaducah, KY-IL
81.9%
State based MSAElizabethtown-Fort Knox
80.2%
MSA based in neighboring stateHuntington-Ashland, WV-KY-OH
78.4%
MSA based in neighboring stateClarksville, TN-KY
74.1%
State based µSARichmond-Berea
69%
State based µSAMurray
50%
M/µSAs Name % Correct
State based µSAGlasgow
47.4%
State based µSADanville
46.6%
State based µSALondon
45.7%
State based µSASomerset
45.7%
State based µSAMaysville
44%
State based µSAMadisonville
43.1%
State based µSAMayfield
39.7%
State based µSABardstown
36.2%
State based µSACampbellsville
33.6%
State based µSAMount Sterling
33.6%
State based µSACentral City
30.2%
State based µSAMiddlesborough
28.4%
Remove Ads.
Support Sporcle.
Get the best of Sporcle when you Go Orange. This ad-free experience offers more features, more stats, and more fun while also helping to support Sporcle. Thank you for becoming a member.

You're not logged in!

Compare scores with friends on all Sporcle quizzes.
OR
Log In

Sporcle TV

Today on Sporcle TV


Watch our educational content, quiz creation guides, and fun videos on Sporcle TV.

Show Comments

Extras

Top Quizzes Today


Score Distribution

Paid Content

Your Account Isn't Verified!

In order to create a playlist on Sporcle, you need to verify the email address you used during registration. Go to your Sporcle Settings to finish the process.

Report this User

Report this user for behavior that violates our Community Guidelines.

Details: